Mysl léčí tělo

Bibliographic Details
Main Author: Hamilton, David R. (Author)
Other Authors: Kuhn, Martin (Translator)
Format: Book
Language:Czech
English
PhysicalDescription:333 s. 20 cm
Published: Bratislava Eugenika 2011
ISBN:9788081002281
Edition:1. vyd.
Subjects:

MARC

LEADER 00000nam a2200000 a 4500
001 vtls010282828
003 SK-MaSNL
005 20260301213504.0
008 240318s2011 xo e 000 0dcze
015 |a SNBA2012/02-00957 
020 |a 9788081002281  |q (brož.) 
035 |a A0F58F40-164A-464A-9250-D3166415CF56 
035 |a urn:nbn:sk:snk-amjhzo 
035 |a urn:nbn:sk:snk-am002bg3 
040 |a SNK  |b slo  |c SNK  |e AACR2 
041 1 |a cze  |h eng 
044 |a xo  |c SK 
072 7 |a 159.9  |x Psychológia  |2 konspekt 
072 7 |a 615.8  |x Fyzioterapia. Psychoterapia. Alternatívna medicína  |2 konspekt 
080 |a 159.9.016.1  |2 2011 
080 |a 615.851  |2 2011 
080 |a 159.923.5  |2 2011 
080 |a 577.337  |2 2011 
080 |a (048.8)  |2 2011 
080 |a 159.954.4  |2 2011 
100 1 |a Hamilton, David R.  |4 aut  |9 353830 
240 1 0 |a How your mind can heal your body  |l Česky 
245 1 0 |a Mysl léčí tělo  |c David R. Hamilton ; [z anglického originálu ... přeložil Martin Kuhn] 
250 |a 1. vyd. 
260 |a Bratislava  |b Eugenika  |c 2011 
300 |a 333 s.  |c 20 cm 
500 |a Obsahuje biografické údaje o autorovi 
650 0 7 |a telo a myseľ  |2 SNKPH  |9 74630 
650 0 7 |a sebauzdravovanie  |2 SNKPH  |9 78158 
650 0 7 |a pozitívne myslenie  |2 SNKPH  |9 4009 
650 0 7 |a psychoterapia  |2 SNKPH  |9 2575 
650 0 7 |a energetický systém človeka  |2 SNKPH  |9 67686 
650 0 7 |a Mind and body  |2 SNKPHeng  |9 325737 
650 0 7 |a Self-healing  |2 SNKPHeng  |9 354418 
650 0 7 |a Positive thinking  |2 SNKPHeng  |9 266375 
650 0 7 |a Psychotherapy  |2 SNKPHeng  |9 266881 
650 0 7 |a Human bioenergetics  |2 SNKPHeng  |9 313146 
650 0 7 |a Visualization (psychology)  |2 SNKPHeng  |9 600472 
650 0 7 |a vizualizácia  |2 SNKPH  |9 448226 
655 7 |a monografie  |2 SNKPH  |9 70139 
655 7 |a Monographs  |2 SNKPHeng  |9 120675 
700 1 |a Kuhn, Martin  |4 trl  |9 421583 
852 |a Štátna vedecká knižnica v Banskej Bystrici 
919 |a 978-80-8100-228-1 
958 |a OP 
958 |a CZ 
958 |a NM 
968 |a Čes  |b ENG  |d 61 
999 |c 921815  |d 923745 
952 |a SNK  |b SNK  |y PREZ  |7 0  |p 17A0704015  |o snkSD 80256  |i snk2011/13306  |8 0  |0 0  |1 0  |4 0  |d 2011-06-09  |l 0  |r 2025-11-27 00:00:00  |w 2026-02-24 
952 |a SNK  |b SNK  |y VYP  |7 0  |p 17A0704016  |o snkSD 80256 D1  |i snk2011/13307  |8 0  |0 0  |1 0  |4 0  |d 2011-06-09  |f 1  |l 0  |r 2017-06-30 00:00:00  |w 2026-02-24